Random Knowledge Quiz #68 - Statistics

General Stats
  • This quiz has been taken 164 times
  • The average score is 10 of 15
Answer Stats
Question Answer % Correct
What does the chemical symbol O represent? Oxygen
91%
Hanukkah is a festival in which religion? Judaism
89%
Which planet is named after the Roman god of the sea? Neptune
89%
What is the hardest natural substance on Earth? Diamond
86%
What country is the dance style flamenco associated with? Spain
86%
Finish these lyrics: Now that it's raining more than ever / Know that we'll still have each other / You can stand under my ____________ Umbrella
84%
In USA, who is the first woman to be a major political party's nominee for President? Hillary Clinton
83%
Smores are made with cookies, chocolate, and... what? Marshmallow
83%
Name one of the noble gasses that are widely used in decorative lights. Helium, neon, argon and krypton
80%
What animal species were depicted as evil characters in "The Wonderful Wizard of Oz"? Monkeys
68%
The river Danube flows into which sea? Black Sea
64%
What powers an eolic power station? Wind
36%
In the international radio alphabet, which word represents M? Mike
27%
Seeds for what fruit were found in King Tut’s tomb? Watermelon
24%
What is the more common name for the fruit sometimes called the Alligator Pear? Avocado
23%
No matching quizzes found
Score Distribution
Percent of People with Each Score
Percentile by Number Answered
Your Score History
You have not taken this quiz